000
00347nam a2200133 a 4500
005
20140412111245.0
008
091205s19uu xx 00 eng d
020
_a
0-439-26712-9
050
_a
ER
_b
An627 2002
245
_a
The Ants go Marching.
260
_a
New York :
_b
Scholastic,
_c
2002.
440
_a
Sing and Read Storybook
999
_c
102918
_d
102918